000 01000nam a2200217 i 4500
001 26414
003 ES-MaACL
005 20240428063029.0
007 t|
008 030109s1914 sp |||| | spa d
100 1 _aArtiñano y Galdácano, Gervasio de,
_d1873-1938
_923486
245 1 3 _aLa producción española en la Edad Moderna
_b: bosquejo crítico de la evolución de la industria en España desde los tiempos de los Reyes Católicos hasta mediados del siglo XIX /
_cexpuesto en dos conferencias del ingeniero industrial Gervasio Artiñano y de Galdácano.
260 _aMadrid :
_b[s.n.],
_c1914 (
_fImp. J. Layunta)
300 _a63 p. ;
_c22 cm.
594 _aFecha de las conferencias: 24 de mayo de 1913 y 31 de enero de 1914.
594 _aPrecede al tít.: Instituto de Ingenieros Civiles.
650 0 4 _aIndustria-
_zEspaña-
_vHistoria.
_9148011
710 2 _aInstituto de Ingenieros Civiles de España.
_94960
852 _aES-MaACL
_jT-1394-F-3
999 _c26414
_d26414